| 000 | 00765nam a2200193 a 4500 | ||
|---|---|---|---|
| 001 | 000520512 | ||
| 003 | AM-YeHGA | ||
| 005 | 20250617135106.0 | ||
| 008 | 070214s1973 ||||||||||||||||||||rus d | ||
| 040 | _aAM-YeHGA | ||
| 041 | 0 | _arus | |
| 100 | 1 | _aАрсеньева, Мария Георгиевна | |
| 245 | 1 | 0 |
_aКольпоцитологические исследования в диагностике и терапии эндокринных гинекологических заболеваний / _cМ.Г. Арсеньева . |
| 260 |
_aЛенинград : _bМедицина. Ленингр. отд-ние, _c1973. |
||
| 300 |
_a254 с. : _bил. |
||
| 650 | 1 | 4 | _aГинекология |
| 650 | 1 | 4 | _aЭндокринология |
| 090 | _c195185 | ||
| 999 |
_c193711 _d193711 |
||